000 00714nam a2200253Ia 4500
003 OSt
005 20220928123955.0
006 a|||||r|||| 00| 0
007 ta
008 220927b |||||||| |||| 00| 0 eng d
020 _cUKP 140.00
024 _a143617
037 _b082, 26/02/2020, Rupa Prkashan
_cTextual
040 _aSDCL
_cSDCL
_beng
041 _2eng
_aeng
082 _aB281, Q9
100 _aMckay Cain
_9462853
245 0 _aProbability and statistics
260 _aWaltham
_bAbbey Essex Ed-Tech Press UK
_c2019
300 _axv,313p.
_ccm.
650 _aMathematics
942 _hB281, Q9
_cTEXL
_2CC
999 _c775823
_d775823